| 000 | 01001cam a2200217 4500 | ||
|---|---|---|---|
| 001 | WB3726-01 | ||
| 008 | 000000n2001 000 0 eng u | ||
| 035 | _a(Sirsi) u113424 | ||
| 245 | _aWarranty row mars launch of anti-cowboy scheme | ||
| 260 | _c2001 | ||
| 490 |
_aBuilding _v266(8191) 29 June 2001, 11(1) |
||
| 520 | _aLaunch of anti-cowboy scheme for builders has been affected by claims from many contractors that they will shun the scheme because they object to its insolvency warranty. Critics include the chief executive of the National Federation of Roofing Contractors who argues that the warranties will make some jobs too costly as builders will have to commit to an expense for all domestic work. http://www.qualitymark.org.uk | ||
| 590 | _aWB | ||
| 650 | _aCOWBOY BUILDERS | ||
| 650 | _aQUALITY MARK | ||
| 650 | _aNATIONAL FEDERATION OF ROOFING CONTRACTORS | ||
| 650 | _aFEDERATION OF MASTER BUILDERS | ||
| 650 | _aWARRANTIES | ||
| 690 | _aBUILT ENVIRONMENT | ||
| 942 | _n0 | ||
| 999 |
_c67579 _d67579 |
||